| 000 | 00784nam a2200217 a 4500 | ||
|---|---|---|---|
| 005 | 20240911063837.0 | ||
| 008 | 020613s1999 mx r 000 0 spa d | ||
| 020 | _a9589625991 | ||
| 035 | _aUPN01000117835 | ||
| 049 | _aCG | ||
| 050 | 4 |
_aHC130 I5.2 _bG5.6 |
|
| 245 | 0 | 0 |
_aGlobalización, apertura económica y relaciones industriales en América Latina / _ccomp. Luz Gabriela Arango. |
| 260 |
_aSantafé de Bogotá : _bUniversidad Nacional de Colombia, Facultad de Ciencias Humanas, _c1999. |
||
| 300 |
_a406 p. : _ecuadros, gráfs. |
||
| 440 | 0 | _aCES | |
| 651 | 4 |
_aAMERICA LATINA - _xINDUSTRIAS _93980 |
|
| 651 | 4 |
_aAMERICA LATINA - _xPOLITICA COMERCIAL _93986 |
|
| 651 | 4 |
_aAmérica Latina _xPolítica económica _93988 |
|
| 700 | 1 |
_aArango, Luz Gabriela, _ecomp. |
|
| 905 | _aLibro | ||
| 999 |
_c90263 _d90263 |
||